El acoso sexual: en la vida cotidiana (Registro nro. 3719)

Detalles MARC
000 -Cabecera
Campo de control de longitud fija 00602aam a2200253 4500
005 - Fecha y hora de la última transacción
Campo de control 20260316165834.0
008 - Elementos de longitud fija--Información general
Campo de control de longitud fija 150306b1992 xxu||||| |||| 00| 0 spa d
020 ## - International Standard Book Number
Número Internacional Estándar del Libro (ISBN) 8475098037
041 ## - Idioma
Código de idioma Español
082 ## - Clasificación Decimal Dewey
Número de clasificación 364.153 W812a
100 ## - Entrada principal--Autor personal
Nombre personal Wise, Sue
9 (RLIN) 14856
100 ## - Entrada principal--Autor personal
Nombre personal Stanley, Liz
245 ## - Título propiamente dicho
Título El acoso sexual: en la vida cotidiana
260 ## - Pie de imprenta
Lugar de publicación, distribución, etc. España
260 ## - Pie de imprenta
Nombre del editor, distribuidor, etc. Paidós
260 ## - Pie de imprenta
Fecha de publicación, distribución, etc. 1992
300 ## - Descripción física
Extensión 250 páginas
490 ## - Serie
Título de la Serie Investigación Criminal
650 ## - Materia general
Temática (materia general) ACOSO SEXUAL
650 ## - Materia general
Temática (materia general) CONOCIMIENTO
650 ## - Materia general
Temática (materia general) AGRESION FISICA
650 ## - Materia general
Temática (materia general) SEXO
942 ## - Punto de acceso adicional KOHA
Tipo de ítem KOHA Libro
Fuente del sistema de clasificación o colocación Dewey Decimal Classification
Existencias
Signatura completa Código de barras Programa Académico Tipo de ítem
364.153 W812a 9044 Investigación Criminal Libro
364.153 W812a 18903 Investigación Criminal Libro